Statistics for Railway stations on the Isle of Wight (UK)

Click here to take the quiz!

General Stats

  • This quiz has been taken 56 times
  • The average score is 6 of 8

Answer Stats

Served ByAnswer% Correct
Island LineShanklin
97%
Island LineSandown
87%
Island Line,
Ferries
Ryde
Pier Head
85%
Island LineLake
77%
Island LineRyde St
John's Road
77%
Island LineBrading
74%
Island Line,
Hovertravel
Ryde
Esplanade
69%
Island Line,
Heritage
Railways
Smallbrook
Junction
64%

Score Distribution

Percentile by Number Answered

Percent of People with Each Score

Your Score History

You have not taken this quiz